[Event "Oberliga Sued W 1718"]
[Site "Germany"]
[Date "2018.02.04"]
[Round "8.8"]
[White "Etienne, Eric"]
[Black "Wolfer, Joshua"]
[Result "0-1"]
[WhiteElo "2075"]
[BlackElo "1847"]
[PlyCount "128"]
[EventDate "2017.09.10"]
[EventType "team-tourn"]
[EventRounds "11"]
[EventCountry "GER"]
[SourceTitle "EXT 2019"]
[Source "ChessBase"]
[SourceDate "2018.10.10"]
[SourceVersion "1"]
[SourceVersionDate "2018.10.10"]
[SourceQuality "1"]
[WhiteTeam "Saarbruecken Gambit"]
[BlackTeam "Landau"]
[WhiteTeamCountry "GER"]
[BlackTeamCountry "GER"]

1. d4 Nf6 2. Bf4 b6 3. e3 Bb7 4. Nd2 d6 5. Ngf3 Nbd7 6. h3 g6 7. Bc4 Bg7 8. 0-0 0-0 9. Re1 e5 10. dxe5 dxe5 11. Nxe5 Ne4 12. Nxd7 Qxd7 13. Nxe4 Qxd1 14. Raxd1 Bxe4 15. c3 c6 16. f3 Bf5 17. Rd6 b5 18. Bb3 Rac8 19. g4 g5 20. Bg3 Bg6 21. f4 Be4 22. fxg5 a5 23. Rd7 a4 24. Bd1 Rfd8 25. Rd4 Bxd4 26. exd4 Re8 27. Be5 Bd5 28. a3 c5 29. Kf2 cxd4 30. Bxd4 Rxe1 31. Kxe1 Re8+ 32. Kf2 Bc4 33. Bf3 Re6 34. h4 Kf8 35. Bh8 Ke7 36. Bd4 Kd6 37. Bg7 Re8 38. Bd4 Bd3 39. Be3 Be4 40. Be2 Kc6 41. Bd4 Rb8 42. Ke3 Kd5 43. Bxb5 Rxb5 44. c4+ Kxc4 45. Kxe4 Rd5 46. Be5 Rd2 47. h5 Re2+ 48. Kf4 Kd5 49. Bc3 Rf2+ 50. Ke3 Rh2 51. Kf4 Kc4 52. Ke5 Rf2 53. Kd6 Re2 54. Bf6 Re6+ 55. Kd7 Kd5 56. Be7 Rb6 57. Bb4 Rb7+ 58. Ke8 Ke6 59. Kf8 f5 60. gxf6 Kxf6 61. Kg8 Kg5 62. Bd2+ Kxg4 63. h6 Kh5 64. Bf4 Kg6 0-1

[Event "FRA-chT2 1011"]
[Site "France"]
[Date "2010.11.14"]
[Round "3.6"]
[White "Miletic, Branislav"]
[Black "Etienne, Eric"]
[Result "0-1"]
[WhiteElo "2007"]
[BlackElo "2075"]
[PlyCount "54"]
[EventDate "2010.10.17"]
[EventType "team-tourn"]
[EventRounds "11"]
[EventCountry "FRA"]
[SourceTitle "EXT 2012"]
[Source "ChessBase"]
[SourceDate "2011.11.24"]
[SourceVersion "1"]
[SourceVersionDate "2011.11.24"]
[SourceQuality "1"]

1. d4 d5 2. c4 Nc6 3. Nc3 Nf6 4. Nf3 dxc4 5. e3 e5 6. Bxc4 exd4 7. exd4 Bg4 8. 0-0 Be7 9. h3 Bh5 10. g4 Bg6 11. d5 Na5 12. Be2 0-0 13. a3 b6 14. b4 Nb7 15. Ne5 Bd6 16. Nxg6 fxg6 17. Bg5 Qe7 18. Ba6 Qe5 19. f4 Qxc3 20. Rf3 Bc5+ 21. Kh1 Be3 22. Bxb7 Rae8 23. Bc6 Ne4 24. Ra2 Nxg5 25. fxg5 Rxf3 26. Qxf3 Qe1+ 27. Kh2 Qg1# 0-1

[Event "Oberliga Sued W 0910"]
[Site "Germany"]
[Date "2009.12.13"]
[Round "4.6"]
[White "Etienne, Eric"]
[Black "Dorozala, Jean Pierre"]
[Result "1-0"]
[WhiteElo "2076"]
[BlackElo "1828"]
[PlyCount "55"]
[EventDate "2009.10.18"]
[EventType "team-tourn"]
[EventRounds "9"]
[EventCountry "GER"]
[SourceTitle "EXT 2011"]
[Source "ChessBase"]
[SourceDate "2010.11.26"]
[SourceVersion "1"]
[SourceVersionDate "2010.11.26"]
[SourceQuality "1"]
[WhiteTeam "Saarbruecken"]
[BlackTeam "Wadgassen/Differten"]
[WhiteTeamCountry "GER"]
[BlackTeamCountry "GER"]

1. d4 e6 2. Nf3 c5 3. e3 Nf6 4. Bd3 d5 5. b3 cxd4 6. exd4 Nc6 7. 0-0 Bd6 8. Bb2 0-0 9. Nbd2 Qc7 10. a3 b6 11. Qe2 Ne7 12. Ne5 Ng6 13. f4 Bb7 14. Rae1 Rad8 15. g4 Bxe5 16. fxe5 Ne8 17. g5 Qe7 18. Qh5 f5 19. gxf6 gxf6 20. Re3 f5 21. Rh3 Rf7 22. Bc1 Rg7 23. Kh1 Nc7 24. Nf3 Rd7 25. Bh6 Qxa3 26. Rg1 Ba6 27. Bxg7 Rxg7 28. Rxg6 1-0

[Event "Oberliga Sued W 0910"]
[Site "Germany"]
[Date "2009.11.30"]
[Round "3.6"]
[White "Gress, Alexander"]
[Black "Etienne, Eric"]
[Result "1-0"]
[WhiteElo "2018"]
[BlackElo "2076"]
[PlyCount "87"]
[EventDate "2009.10.18"]
[EventType "team-tourn"]
[EventRounds "9"]
[EventCountry "GER"]
[SourceTitle "EXT 2011"]
[Source "ChessBase"]
[SourceDate "2010.11.26"]
[SourceVersion "1"]
[SourceVersionDate "2010.11.26"]
[SourceQuality "1"]
[WhiteTeam "Schwarzenbach"]
[BlackTeam "Saarbruecken"]
[WhiteTeamCountry "GER"]
[BlackTeamCountry "GER"]

1. e4 e6 2. d4 d5 3. e5 c5 4. c3 Qb6 5. Nf3 Bd7 6. Bd3 cxd4 7. cxd4 Bb5 8. 0-0 Bxd3 9. Qxd3 Qa6 10. Qb3 Nc6 11. Nc3 Bb4 12. Bd2 Bxc3 13. bxc3 Nge7 14. Rab1 b6 15. Rfc1 0-0 16. c4 Rfd8 17. Qb5 Qc8 18. Bg5 Qd7 19. c5 Rab8 20. Bxe7 Nxe7 21. c6 Qc7 22. Rb3 Rbc8 23. Rbc3 Ng6 24. Qd3 h6 25. h4 Rb8 26. a4 Nf4 27. Qd2 Ng6 28. h5 Ne7 29. Nh4 b5 30. Qf4 Rf8 31. Qg4 Kh7 32. Rg3 Rg8 33. axb5 Rxb5 34. Qf3 Nf5 35. Nxf5 exf5 36. Qxf5+ Kh8 37. Rf3 Rb4 38. Qxf7 Qxf7 39. Rxf7 Rxd4 40. c7 Rc8 41. Rd7 Rc4 42. Rxc4 dxc4 43. Rd8+ Kh7 44. Rxc8 1-0

[Event "Oberliga Sued W 0809"]
[Site "Germany"]
[Date "2009.03.01"]
[Round "7.8"]
[White "Etienne, Eric"]
[Black "Erdmann, Stefan"]
[Result "1/2-1/2"]
[WhiteElo "2014"]
[BlackElo "2191"]
[PlyCount "144"]
[EventDate "2008.10.05"]
[EventType "team-tourn"]
[EventRounds "11"]
[EventCountry "GER"]
[SourceTitle "EXT 2012"]
[Source "ChessBase"]
[SourceDate "2011.11.24"]
[SourceVersion "1"]
[SourceVersionDate "2011.11.24"]
[SourceQuality "1"]
[WhiteTeam "Saarbruecken Gambit"]
[BlackTeam "Ludwigshafen"]
[WhiteTeamCountry "GER"]
[BlackTeamCountry "GER"]

1. d4 d5 2. Nf3 Nf6 3. e3 c6 4. c4 a6 5. Nbd2 Bf5 6. Nh4 Bg4 7. Qb3 Qc7 8. h3 Bh5 9. g4 Bg6 10. g5 Ne4 11. Nxg6 hxg6 12. Nxe4 dxe4 13. Bg2 Rh4 14. Bd2 e6 15. Qc2 Be7 16. Bxe4 Bxg5 17. Bxg6 Nd7 18. Be4 0-0-0 19. 0-0-0 Rdh8 20. Bg2 Bf6 21. f4 R4h5 22. Kb1 Kb8 23. Rc1 c5 24. d5 e5 25. Qa4 Nb6 26. Qb3 Nc8 27. Qa3 Ka7 28. Rhf1 Nd6 29. Qb3 Re8 30. a3 Rh4 31. Be1 Rh5 32. Bf2 e4 33. Rfd1 Rb8 34. a4 b6 35. Be1 a5 36. Bc3 Qe7 37. Bxf6 gxf6 38. Qc2 Rg8 39. Rg1 Rg3 40. Qf2 Nf5 41. Rce1 Rg6 42. Bf1 Nd6 43. Rg3 Qe8 44. Be2 Rhh6 45. f5 Nxf5 46. Qxf5 Rxg3 47. Qf4 Rhxh3 48. Bg4 Qe5 49. Bxh3 Rxh3 50. Qg4 Rh8 51. Qd7+ Kb8 52. Qc6 Ka7 53. Rf1 Rh2 54. Qd7+ Ka6 55. Qb5+ Kb7 56. Rg1 Qc7 57. Rg8 Ka7 58. Qe8 Qb7 59. Qxe4 Rh5 60. Re8 Re5 61. Rxe5 fxe5 62. Qxe5 Qd7 63. b3 Kb7 64. Kc2 Qg4 65. Kd2 f5 66. Qe7+ Ka6 67. Qc7 Qg2+ 68. Kc1 Qf1+ 69. Kd2 Qf2+ 70. Kd3 Qf1+ 71. Kd2 Qg2+ 72. Kd3 Qf1+ 1/2-1/2

[Event "Cappelle op 06th"]
[Site "Cappelle la Grande"]
[Date "1990.02.21"]
[Round "7"]
[White "Forster, Michael"]
[Black "Etienne, Eric"]
[Result "1/2-1/2"]
[WhiteElo "2330"]
[BlackElo "1940"]
[PlyCount "105"]
[EventDate "1990.02.18"]
[EventType "swiss"]
[EventRounds "9"]
[EventCountry "FRA"]
[SourceTitle "EXT 2004"]
[Source "ChessBase"]
[SourceDate "2003.11.25"]
[SourceVersion "1"]
[SourceVersionDate "2003.11.25"]
[SourceQuality "1"]

1. e4 e5 2. Nf3 f5 3. Bc4 fxe4 4. Nxe5 d5 5. Qh5+ g6 6. Nxg6 hxg6 7. Qxg6+ Kd7 8. Bxd5 Nf6 9. Nc3 Qe7 10. b3 Rh6 11. Qf7 Qxf7 12. Bxf7 Bd6 13. Bb2 Ke7 14. Bc4 Nc6 15. 0-0-0 Bf5 16. h3 Bh7 17. Rhe1 Kd7 18. d3 Re8 19. dxe4 Nxe4 20. Nxe4 Rxe4 21. Rxe4 Bxe4 22. f3 Bh7 23. Bc3 Ke8 24. Kb2 Ne7 25. Re1 Kf8 26. Bd2 Rf6 27. Bg5 Rf5 28. f4 Rc5 29. Re2 Bf5 30. g4 b5 31. Bh6+ Ke8 32. gxf5 bxc4 33. f6 c3+ 34. Kb1 Rd5 35. Re1 Kf7 36. fxe7 Bxe7 37. a4 Rh5 38. Bg5 Bxg5 39. fxg5 Rxh3 40. Rg1 Kg6 41. Rg2 a5 42. b4 axb4 43. Ka2 Rh1 44. Kb3 Rb1+ 45. Kc4 Rb2 46. a5 b3 47. Kxc3 Ra2 48. Kxb3 Rxa5 49. Kb4 Rxg5 50. Rxg5+ Kxg5 51. Kc5 Kf6 52. Kc6 Ke5 53. Kxc7 1/2-1/2